| 000 | 01601cam a2200373 a 4500 | ||
|---|---|---|---|
| 001 | 6498 | ||
| 003 | FISKH | ||
| 005 | 20250714102759.0 | ||
| 008 | 080703s2009 dcua j 000 0 eng | ||
| 010 | _a 2008029315 | ||
| 020 | _a9781426304606 (hardcover : alk. paper) : | ||
| 020 | _a9780545512060 | ||
| 020 | _a1426304609 (hardcover : alk. paper) | ||
| 020 | _a9781426304613 (library binding : alk. paper) | ||
| 020 | _a1426304617 (library binding : alk. paper) | ||
| 040 |
_aDLC _cDLC _dBAKER _dGSN _dXY4 _dVP@ _dOEL _dDLC _beng |
||
| 050 | _aHQ781 .K47 | ||
| 082 | _a305.23409 | ||
| 100 | 1 | _aKerley, Barbara. | |
| 245 | 1 | 0 |
_aOne world, one day / _cBarbara Kerley. |
| 260 |
_aNew York : _bScholastic, _c2009. |
||
| 300 |
_a32 unnumbered pages : _bcolor map ; color illustrations ; _c19 x 28 cm |
||
| 505 | _aJ | ||
| 520 | _aThis beautiful photo book follows the course of one day in our world. Sunrise to sunset is captured in the essential things we all do daily, wherever we live in the world, and in the different ways we do them. The first meal of the day will take on a whole new dimension for American kids as an American pancake breakfast is contrasted with porridge in North Korea and churros in Spain. | ||
| 521 | 8 |
_a500
_bLexile |
|
| 521 | 8 |
_aJ
_bRaz-Plus |
|
| 650 | 0 |
_aChildren _xSocial life and customs _vJuvenile literature. |
|
| 650 | 0 |
_aChildren _vPictorial works _vJuvenile literature. |
|
| 650 | 1 | _aChildren. | |
| 650 | 1 |
_aChildren _xSocial life and customs. |
|
| 906 |
_a7 _bcbc _corignew _d1 _eecip _f20 _gy-gencatlg |
||
| 942 |
_2ddc _cBK _n0 |
||
| 999 |
_c6498 _d6498 |
||